[Event "Niedersachsen-ch"]
[Site "Verden an der Aller"]
[Date "2024.01.07"]
[Round "7"]
[White "Gentemann, Moritz"]
[Black "Pubantz, Jan"]
[Result "1/2-1/2"]
[WhiteElo "2239"]
[BlackElo "2288"]
[PlyCount "27"]
[EventDate "2024.01.04"]
[EventType "swiss"]
[EventRounds "7"]
[EventCountry "GER"]
[SourceTitle "CB02_2024"]
[SourceDate "2024.01.10"]
[SourceVersion "1"]
[SourceVersionDate "2024.01.10"]
[SourceQuality "1"]

1. c4 c6 2. Nf3 d5 3. e3 Nf6 4. Nc3 e6 5. b3 Bd6 6. Bb2 0-0 7. d4 Nbd7 8. Be2 Ne4 9. Nxe4 dxe4 10. Nd2 f5 11. c5 Bc7 12. Qc2 Nf6 13. a3 Nd5 14. Nc4 1/2-1/2

[Event "Bundesliga 2324"]
[Site "Germany"]
[Date "2023.12.03"]
[Round "4.1"]
[White "Pubantz, Jan"]
[Black "Bogner, Sebastian"]
[Result "0-1"]
[WhiteElo "2299"]
[BlackElo "2536"]
[PlyCount "42"]
[EventDate "2023.10.21"]
[EventType "team-tourn"]
[EventRounds "15"]
[EventCountry "GER"]
[SourceTitle "CB49_2023"]
[SourceDate "2023.12.06"]
[SourceVersion "1"]
[SourceVersionDate "2023.12.06"]
[SourceQuality "1"]
[WhiteTeam "Lister Turm"]
[BlackTeam "Bayern Muenchen"]
[WhiteTeamCountry "GER"]
[BlackTeamCountry "GER"]

1. d4 Nf6 2. c4 g6 3. Nc3 Bg7 4. e4 d6 5. Be2 0-0 6. Nf3 e5 7. Be3 exd4 8. Nxd4 Re8 9. Qc2 c6 10. 0-0 Qe7 11. Rfe1 Nxe4 12. Nxe4 Qxe4 13. Qd2 Nd7 14. Bf3 Qh4 15. Nxc6 bxc6 16. Bxc6 Rb8 17. Bxa7 Rxe1+ 18. Qxe1 Rxb2 19. Qe8+ Nf8 20. Qxc8 Qxc4 21. Re1 Rc2 0-1

[Event "Bad Pyrmont Pape op-A 2nd"]
[Site "Bad Pyrmont"]
[Date "2023.08.12"]
[Round "5"]
[White "Pubantz, Jan"]
[Black "Laubsch, Bernd"]
[Result "1/2-1/2"]
[WhiteElo "2309"]
[BlackElo "2257"]
[PlyCount "69"]
[EventDate "2023.08.10"]
[EventType "swiss"]
[EventRounds "7"]
[EventCountry "GER"]
[SourceTitle "EXT 2024"]
[Source "ChessBase"]
[SourceDate "2023.10.10"]
[SourceVersion "1"]
[SourceVersionDate "2023.10.10"]
[SourceQuality "1"]

1. d4 Nf6 2. c4 g6 3. Nc3 d5 4. h4 Bg7 5. h5 0-0 6. hxg6 hxg6 7. cxd5 Nxd5 8. Bh6 Bxh6 9. Rxh6 Kg7 10. Qd2 Nxc3 11. bxc3 c5 12. Nf3 Nd7 13. Rh4 Rh8 14. Rxh8 Qxh8 15. dxc5 Qh5 16. Qd4+ Kg8 17. Rd1 Qxc5 18. e3 Qxd4 19. cxd4 Nf6 20. Bc4 Bg4 21. Rb1 Bxf3 22. gxf3 Rc8 23. Bd3 b6 24. Kd2 e6 25. a4 Rc7 26. Rb5 Kf8 27. a5 bxa5 28. Rxa5 Ke7 29. Be4 Kd7 30. Kd3 Kc8 31. Ra1 Kb8 32. Rb1+ Kc8 33. Ra1 Kb8 34. Rb1+ Kc8 35. Ra1 1/2-1/2

[Event "GER-ch U18"]
[Site "Willingen"]
[Date "2023.06.03"]
[Round "9"]
[White "Pubantz, Jan"]
[Black "Albert, Markus1111"]
[Result "1/2-1/2"]
[WhiteElo "2331"]
[BlackElo "2232"]
[PlyCount "98"]
[EventDate "2023.05.28"]
[EventType "swiss"]
[EventRounds "9"]
[EventCountry "GER"]
[SourceTitle "CBM 214 Extra"]
[Source "ChessBase"]
[SourceDate "2023.07.31"]
[SourceVersion "1"]
[SourceVersionDate "2023.07.31"]
[SourceQuality "1"]

1. d4 g6 2. c4 Bg7 3. e4 Nc6 4. Nf3 e5 5. Bg5 f6 6. Be3 d6 7. d5 Nce7 8. Nfd2 f5 9. f3 Nf6 10. Be2 0-0 11. Nc3 a6 12. c5 f4 13. Bf2 Rb8 14. Nc4 b5 15. cxb6 cxb6 16. Qb3 b5 17. Qb4 Bh3 18. Qxd6 Bxg2 19. Rg1 bxc4 20. Qxd8 Rfxd8 21. Rxg2 Rxb2 22. Bc5 Nc8 23. 0-0-0 Rb7 24. Bxc4 Nd6 25. Bxa6 Rc7 26. Bb4 Ra8 27. Bd3 Bf8 28. Rc2 Nb7 29. Bxf8 Kxf8 30. Bb5 Na5 31. d6 Rc5 32. d7 Rd8 33. Rd6 Ke7 34. Ra6 Nb7 35. Rb6 Rc7 36. Rxf6 Rxc3 37. Rxc3 Kxf6 38. Rc7 Nd6 39. Bc6 g5 40. h3 h5 41. Kd1 Ke7 42. a4 Nc4 43. Ke2 h4 44. Rc8 Na5 45. Bd5 Rxd7 46. Ra8 Nb7 47. a5 Nd6 48. a6 Nb5 49. Bb7 Nc3+ 1/2-1/2

[Event "GER-ch U18"]
[Site "Willingen"]
[Date "2023.06.02"]
[Round "8"]
[White "Bornholdt, Joa Max"]
[Black "Pubantz, Jan"]
[Result "1/2-1/2"]
[WhiteElo "2250"]
[BlackElo "2331"]
[PlyCount "177"]
[EventDate "2023.05.28"]
[EventType "swiss"]
[EventRounds "9"]
[EventCountry "GER"]
[SourceTitle "CBM 214 Extra"]
[Source "ChessBase"]
[SourceDate "2023.07.31"]
[SourceVersion "1"]
[SourceVersionDate "2023.07.31"]
[SourceQuality "1"]

1. e4 c6 2. c4 d5 3. exd5 cxd5 4. cxd5 Nf6 5. Nc3 Nxd5 6. Nf3 Nxc3 7. dxc3 Qxd1+ 8. Kxd1 Nc6 9. Be3 Bf5 10. Bb5 Be4 11. Ke2 a6 12. Bc4 e6 13. Bb6 Be7 14. Rhd1 Bd8 15. Be3 Bf6 16. Bb6 Bd8 17. Be3 Bf6 18. Bb6 0-0 19. Bb3 Bd8 20. Bc5 Be7 21. Bb6 Bd8 22. Bc5 Re8 23. Rd7 Na5 24. Rad1 Nxb3 25. axb3 Bc6 26. R7d2 e5 27. c4 f6 28. b4 Rc8 29. b3 Bc7 30. Bd6 Bb6 31. Bc5 Bc7 32. Bd6 Bd8 33. Bc5 f5 34. Kf1 Bf6 35. Bb6 Kf7 36. Re2 Re6 37. Bc5 Rce8 38. Rd6 b6 39. Rxe6 Rxe6 40. Be3 f4 41. Bc1 e4 42. Ne1 g5 43. Ra2 Bb7 44. Bb2 Be7 45. Bc3 Rh6 46. Kg1 Rd6 47. Rd2 Rxd2 48. Bxd2 Bf6 49. Kf1 Ke6 50. Ke2 Kf5 51. f3 e3 52. Bc1 h5 53. h3 g4 54. hxg4+ hxg4 55. Nd3 Kg5 56. Nxf4 Kxf4 57. Bxe3+ Kg3 58. Bxb6 gxf3+ 59. gxf3 Bxf3+ 60. Kd3 Bd1 61. b5 axb5 62. cxb5 Bxb3 63. Bd4 Be7 64. Ke4 Ba4 65. b6 Bc6+ 66. Ke5 Kf3 67. Bg1 Ke2 68. Ke6 Bb4 69. Bd4 Kd3 70. Bg1 Ke4 71. Bf2 Kf4 72. Bd4 Ke4 73. Bf2 Kd3 74. Bg1 Be1 75. Kd6 Bg2 76. Bh2 Kc4 77. Bg1 Bg3+ 78. Ke6 Kb5 79. Be3 Kc6 80. Kf5 Kd7 81. Bc5 Be1 82. Bd4 Kd6 83. Be3 Kc6 84. Bd4 Bg3 85. Be3 Bh2 86. Bf2 Bh3+ 87. Ke4 Bg1 88. Bxg1 Bg2+ 89. Ke5 1/2-1/2

[Event "Walsrode Chessemy op-A"]
[Site "Walsrode"]
[Date "2023.03.10"]
[Round "7"]
[White "Koellner, Ruben Gideon"]
[Black "Pubantz, Jan"]
[Result "0-1"]
[WhiteElo "2424"]
[BlackElo "2310"]
[PlyCount "62"]
[EventDate "2023.03.04"]
[EventType "swiss"]
[EventRounds "9"]
[EventCountry "GER"]
[SourceTitle "CBM 213 Extra"]
[Source "ChessBase"]
[SourceDate "2023.05.31"]
[SourceVersion "1"]
[SourceVersionDate "2023.05.31"]
[SourceQuality "1"]

1. d4 d5 2. c4 c6 3. cxd5 cxd5 4. Nc3 Nf6 5. f3 Nc6 6. e4 dxe4 7. d5 Ne5 8. fxe4 e6 9. Nf3 Nxf3+ 10. Qxf3 Bd7 11. Bg5 Be7 12. Rd1 exd5 13. e5 Ne4 14. Bxe7 Qxe7 15. Nxe4 dxe4 16. Qxe4 Bc6 17. Qf4 0-0 18. Bc4 Bxg2 19. Rg1 Bh3 20. Rd4 Rae8 21. Rg5 g6 22. Qh4 Qc7 23. Re4 Be6 24. Be2 Bd5 25. Re3 f6 26. Qd4 fxg5 27. Qxd5+ Kg7 28. Bc4 Rf5 29. Qd4 Rfxe5 30. Kf1 Qe7 31. Kg2 Qf6 0-1

[Event "Walsrode Chessemy op-A"]
[Site "Walsrode"]
[Date "2023.03.09"]
[Round "6"]
[White "Pubantz, Jan"]
[Black "Heldenbergh, Nils"]
[Result "1-0"]
[WhiteElo "2310"]
[BlackElo "2141"]
[PlyCount "61"]
[EventDate "2023.03.04"]
[EventType "swiss"]
[EventRounds "9"]
[EventCountry "GER"]
[SourceTitle "CBM 213 Extra"]
[Source "ChessBase"]
[SourceDate "2023.05.31"]
[SourceVersion "1"]
[SourceVersionDate "2023.05.31"]
[SourceQuality "1"]

1. d4 f5 2. c4 Nf6 3. Nc3 g6 4. Nf3 Bg7 5. b4 0-0 6. Bb2 d6 7. e3 Qe8 8. c5 d5 9. Be2 Be6 10. Ne5 c6 11. 0-0 Nbd7 12. Nd3 g5 13. b5 Ne4 14. Rb1 f4 15. bxc6 bxc6 16. exf4 gxf4 17. Bh5 Qc8 18. Ne2 Bh6 19. Bc1 Ndf6 20. Bf3 Bf5 21. Rb3 Ng5 22. Ndxf4 Rf7 23. Bh5 Nxh5 24. Nxh5 Qf8 25. Rg3 Bg6 26. Bxg5 Bxg5 27. Rxg5 Rb8 28. Qd2 Qh6 29. f4 Kh8 30. Nhg3 Rbf8 31. f5 1-0

[Event "Walsrode Chessemy op-A"]
[Site "Walsrode"]
[Date "2023.03.06"]
[Round "3"]
[White "Pubantz, Jan"]
[Black "Krassowizkij, Jaroslaw"]
[Result "0-1"]
[WhiteElo "2310"]
[BlackElo "2451"]
[PlyCount "92"]
[EventDate "2023.03.04"]
[EventType "swiss"]
[EventRounds "9"]
[EventCountry "GER"]
[SourceTitle "CBM 213 Extra"]
[Source "ChessBase"]
[SourceDate "2023.05.31"]
[SourceVersion "1"]
[SourceVersionDate "2023.05.31"]
[SourceQuality "1"]

1. d4 Nf6 2. c4 e6 3. g3 d5 4. Bg2 Bb4+ 5. Nd2 0-0 6. Ngf3 dxc4 7. Qc2 a5 8. a3 Bxd2+ 9. Bxd2 b5 10. a4 c6 11. h4 Ra7 12. Ne5 Bd7 13. h5 Nd5 14. g4 f6 15. Nxd7 Nxd7 16. axb5 cxb5 17. Be4 h6 18. Bxd5 exd5 19. Qf5 Nb8 20. Rh3 Re8 21. Qg6 Kh8 22. g5 fxg5 23. Bxg5 Qd7 24. Bf6 gxf6 25. Rg3 Ra6 26. Rxa5 Rae6 27. Re3 f5 28. Qxf5 Rxe3 29. Qf6+ Qg7 30. Qxg7+ Kxg7 31. fxe3 Nd7 32. Rxb5 Nf6 33. Kd2 Kf7 34. b3 cxb3 35. Rxb3 Nxh5 36. Ke1 Nf6 37. Kf2 Rg8 38. Kf3 Ke6 39. Rb6+ Kf5 40. Rb5 Rg4 41. Rb8 h5 42. Rf8 Rg8 43. Rf7 h4 44. Re7 Rg3+ 45. Kf2 Ng4+ 46. Ke1 h3 0-1

[Event "Niedersachsen-ch"]
[Site "Verden"]
[Date "2023.01.05"]
[Round "2"]
[White "Bargsten, Justus"]
[Black "Pubantz, Jan"]
[Result "1/2-1/2"]
[WhiteElo "2152"]
[BlackElo "2288"]
[PlyCount "145"]
[EventDate "2023.01.05"]
[EventType "swiss"]
[EventRounds "7"]
[EventCountry "GER"]
[SourceTitle "CBM 212 Extra"]
[Source "ChessBase"]
[SourceDate "2023.03.31"]
[SourceVersion "1"]
[SourceVersionDate "2023.03.31"]
[SourceQuality "1"]

1. e4 c6 2. d4 d5 3. e5 Bf5 4. h4 h6 5. g4 Be4 6. f3 Bh7 7. Nc3 e6 8. Be3 Nd7 9. f4 Qb6 10. Na4 Qa5+ 11. c3 b5 12. Nc5 Nxc5 13. dxc5 b4 14. a3 bxc3 15. b4 c2 16. bxa5 cxd1Q+ 17. Kxd1 h5 18. gxh5 Rb8 19. Ne2 Nh6 20. Nd4 Nf5 21. Nxf5 Bxf5 22. Rh2 Rb3 23. Bd4 Be7 24. Be2 Kd7 25. Rg2 g6 26. hxg6 fxg6 27. h5 gxh5 28. Kd2 h4 29. Rg7 h3 30. Rh1 Rh4 31. Rh2 Rxf4 32. Be3 Rxe3 33. Kxe3 Ra4 34. a6 Ke8 35. Bh5+ Kd8 36. Rb2 Bxc5+ 37. Kf3 Bb6 38. Rxb6 axb6 39. a7 Rxa3+ 40. Kf2 h2 41. Bf3 Kc8 42. Kg2 Ra2+ 43. Kh1 Be4 44. Bxe4 Ra1+ 45. Kxh2 dxe4 46. Kg3 Ra3+ 47. Kf2 c5 48. Re7 b5 49. Rxe6 Rxa7 50. Rc6+ Rc7 51. Rb6 b4 52. Ke3 Rb7 53. Rc6+ Kd8 54. Rxc5 b3 55. Rc1 Rb4 56. Kd2 Rd4+ 57. Ke3 Rb4 58. Kd2 Ke7 59. Kc3 Ra4 60. Kxb3 Ra5 61. Kc4 Ke6 62. Kd4 Ra4+ 63. Ke3 Kf5 64. Rc3 Kxe5 65. Rc5+ Ke6 66. Rb5 Kd6 67. Rg5 Ke6 68. Rb5 Kf6 69. Rc5 Ke6 70. Rb5 Kd7 71. Re5 Kd6 72. Rxe4 Rxe4+ 73. Kxe4 1/2-1/2

[Event "BL2-Nord 2223"]
[Site "Germany"]
[Date "2022.11.27"]
[Round "4.8"]
[White "Pubantz, Jan"]
[Black "Beeck, Mats"]
[Result "1/2-1/2"]
[WhiteElo "2274"]
[BlackElo "2175"]
[PlyCount "83"]
[EventDate "2022.10.22"]
[EventType "team-tourn"]
[EventRounds "10"]
[EventCountry "GER"]
[SourceTitle "EXT 2024"]
[Source "ChessBase"]
[SourceDate "2023.10.10"]
[SourceVersion "1"]
[SourceVersionDate "2023.10.10"]
[SourceQuality "1"]
[WhiteTeam "Lister Turm"]
[BlackTeam "Kiel Turm II"]
[WhiteTeamCountry "GER"]
[BlackTeamCountry "GER"]

1. d4 Nf6 2. c4 e6 3. Nc3 Bb4 4. Qc2 d5 5. a3 Bxc3+ 6. Qxc3 0-0 7. Nf3 Nbd7 8. Bg5 h6 9. Bh4 b6 10. cxd5 exd5 11. e3 c5 12. Bd3 a5 13. 0-0 Ba6 14. Bxa6 Rxa6 15. Ne5 Qa8 16. Bxf6 Nxf6 17. dxc5 Ne4 18. Qc2 Nxc5 19. Rad1 Ra7 20. Qe2 Re8 21. Nf3 Re6 22. Qb5 a4 23. Rd4 Ra5 24. Qe2 Re4 25. Rb4 Ne6 26. Qd3 Qc6 27. Nd4 Nxd4 28. Rxd4 Rc5 29. h3 Rxd4 30. Qxd4 Rc2 31. Rd1 Qb5 32. Rd2 Rxd2 33. Qxd2 Qc4 34. Kh2 Qc7+ 35. Kg1 Qc4 36. Kh2 Qc7+ 37. g3 Qc4 38. Qd1 g6 39. Kg1 h5 40. h4 Kf8 41. Qf1 b5 42. Qd1 1/2-1/2

[Event "GER-chT Lands U20"]
[Site "Wiesbaden"]
[Date "2022.10.03"]
[Round "5.2"]
[White "Kolb, Tobias"]
[Black "Pubantz, Jan"]
[Result "1/2-1/2"]
[WhiteElo "2357"]
[BlackElo "2273"]
[PlyCount "98"]
[EventDate "2022.09.30"]
[EventType "team-swiss"]
[EventRounds "7"]
[EventCountry "GER"]
[SourceTitle "CBM 210 Extra"]
[Source "ChessBase"]
[SourceDate "2022.11.30"]
[SourceVersion "1"]
[SourceVersionDate "2022.11.30"]
[SourceQuality "1"]
[WhiteTeam "Bayern U20"]
[BlackTeam "Niedersachsen U20"]
[WhiteTeamCountry "GER"]
[BlackTeamCountry "GER"]

1. d4 d5 2. c4 c6 3. Nf3 Nf6 4. e3 Bf5 5. Nc3 e6 6. Nh4 Be4 7. f3 Bg6 8. Bd2 Be7 9. Nxg6 hxg6 10. Qb3 Qc7 11. cxd5 Nxd5 12. 0-0-0 Nxc3 13. Bxc3 a5 14. e4 a4 15. Qc2 a3 16. b3 Rxh2 17. Rxh2 Qxh2 18. d5 exd5 19. exd5 cxd5 20. Bxg7 Nc6 21. Rxd5 Qg1 22. Rd1 Qe3+ 23. Kb1 Rd8 24. Rxd8+ Bxd8 25. Bb5 Qe1+ 26. Qc1 Qxc1+ 27. Kxc1 Bg5+ 28. Kc2 f6 29. f4 Bh4 30. g3 Bxg3 31. Bxf6 Bxf4 32. Kd3 Kf7 33. Bc3 Bd6 34. Ke4 Nb4 35. Bxb4 Bxb4 36. Bd7 Kf6 37. Bc8 b6 38. Bd7 Ke7 39. Bg4 Kd6 40. Be2 Kc5 41. Bg4 Bd2 42. b4+ Kxb4 43. Be6 Kc3 44. Kf3 b5 45. Kg4 b4 46. Bg8 g5 47. Bf7 Kd4 48. Bg8 Bf4 49. Bf7 Ke3 1/2-1/2

[Event "GER-chT Lands U20"]
[Site "Wiesbaden"]
[Date "2022.10.01"]
[Round "2.2"]
[White "Stork, Oliver"]
[Black "Pubantz, Jan"]
[Result "1-0"]
[WhiteElo "2315"]
[BlackElo "2273"]
[PlyCount "89"]
[EventDate "2022.09.30"]
[EventType "team-swiss"]
[EventRounds "7"]
[EventCountry "GER"]
[SourceTitle "CBM 210 Extra"]
[Source "ChessBase"]
[SourceDate "2022.11.30"]
[SourceVersion "1"]
[SourceVersionDate "2022.11.30"]
[SourceQuality "1"]
[WhiteTeam "Hessen U20"]
[BlackTeam "Niedersachsen U20"]
[WhiteTeamCountry "GER"]
[BlackTeamCountry "GER"]

1. c4 c6 2. Nf3 d5 3. e3 Nf6 4. Nc3 e6 5. b3 Bd6 6. Bb2 0-0 7. Be2 Nbd7 8. Qc2 Qe7 9. 0-0 a6 10. d4 b6 11. e4 dxe4 12. Nxe4 Nxe4 13. Qxe4 Bb7 14. Rfe1 Nf6 15. Qh4 Ba3 16. Bc3 Bb4 17. Rac1 Bxc3 18. Rxc3 c5 19. Rd1 Rad8 20. Ne5 cxd4 21. Rh3 Be4 22. Bd3 Qb7 23. g4 Bxd3 24. Rdxd3 Qe4 25. g5 Qe1+ 26. Kg2 Qe4+ 27. Kf1 Qh1+ 28. Ke2 Qe4+ 29. Kd2 Qxh4 30. Rxh4 Nd7 31. Nc6 Rde8 32. Rdh3 f6 33. Rxh7 fxg5 34. Rh8+ Kf7 35. Rf3+ Kg6 36. Ne5+ Nxe5 37. Rfxf8 Re7 38. Re8 Rf7 39. Rhf8 Nf3+ 40. Kd3 Rxf8 41. Rxf8 Nxh2 42. Kxd4 Ng4 43. b4 e5+ 44. Kd5 Nf6+ 45. Ke6 1-0

[Event "Braunschweig"]
[Site "Braunschweig"]
[Date "2022.08.02"]
[Round "5"]
[White "Fischer, Daniel1111"]
[Black "Pubantz, Jan"]
[Result "0-1"]
[WhiteElo "2351"]
[BlackElo "2269"]
[PlyCount "74"]
[EventDate "2022.07.30"]
[EventType "tourn"]
[EventRounds "9"]
[EventCountry "GER"]
[EventCategory "3"]
[SourceTitle "CBM 209 Extra"]
[Source "ChessBase"]
[SourceDate "2022.09.30"]
[SourceVersion "1"]
[SourceVersionDate "2022.09.30"]
[SourceQuality "1"]

1. e4 c6 2. d4 d5 3. e5 Bf5 4. Nd2 e6 5. Nb3 Nd7 6. Nf3 Qc7 7. Be2 c5 8. dxc5 Bxc5 9. Nxc5 Qxc5 10. c3 Ne7 11. 0-0 0-0 12. Re1 Qc7 13. Bf4 Be4 14. Bf1 a6 15. Nd4 Nc6 16. Bg3 Bg6 17. Rc1 Nxd4 18. Qxd4 b5 19. a4 Nc5 20. Qb4 bxa4 21. c4 d4 22. Rcd1 Rfd8 23. Bh4 Rd7 24. Qd2 Rb8 25. f3 Nb3 26. Qf2 d3 27. Qg3 Qxc4 28. Bg5 Qc2 29. Be2 Rd5 30. h4 Qc5+ 31. Kh2 dxe2 32. Rxd5 Qxd5 33. Rxe2 Qc4 34. Re1 h5 35. Qf2 Qd4 36. Qe2 Nc5 37. Rd1 Nd3 0-1

[Event "Braunschweig"]
[Site "Braunschweig"]
[Date "2022.08.01"]
[Round "3"]
[White "Voege, Tobias"]
[Black "Pubantz, Jan"]
[Result "1-0"]
[WhiteElo "2272"]
[BlackElo "2269"]
[PlyCount "91"]
[EventDate "2022.07.30"]
[EventType "tourn"]
[EventRounds "9"]
[EventCountry "GER"]
[EventCategory "3"]
[SourceTitle "CBM 209 Extra"]
[Source "ChessBase"]
[SourceDate "2022.09.30"]
[SourceVersion "1"]
[SourceVersionDate "2022.09.30"]
[SourceQuality "1"]

1. d4 d5 2. c4 dxc4 3. e4 b5 4. a4 c6 5. Nc3 b4 6. Na2 Nf6 7. e5 Nd5 8. Bxc4 e6 9. Nf3 Be7 10. 0-0 a5 11. Be3 Nd7 12. Nc1 N7b6 13. Be2 Nxe3 14. fxe3 c5 15. Nb3 cxd4 16. Bb5+ Bd7 17. Nbxd4 0-0 18. Qe2 Bc5 19. Nb3 Bxb5 20. axb5 Qd5 21. Nxc5 Qxc5 22. Rfc1 Qe7 23. Rc6 Qa7 24. Kf2 a4 25. Qc2 Nd5 26. Nd4 f6 27. exf6 Rxf6+ 28. Kg1 Nxe3 29. Qe4 Rd8 30. b6 Qb7 31. Qxe3 Rxd4 32. Rxe6 Rd8 33. Rxf6 gxf6 34. Qe6+ Kg7 35. Qg4+ Kh8 36. Qe6 Kg7 37. Rf1 Qf7 38. Qg4+ Kh8 39. Qxb4 Qb3 40. Qxb3 axb3 41. Rxf6 Rb8 42. Kf2 Kg7 43. Rc6 Kf7 44. Ke3 Ke8 45. Kd4 h5 46. Kc5 1-0